Francúzština 1 pre 3. alebo 5. ročník tried s rozšíreným vyučovaním jazykov na základných školách
| Main Authors: | , , |
|---|---|
| Other Authors: | , |
| Format: | Book |
| Language: | Slovak French Czech |
| PhysicalDescription: | 263 s. ilustr., tab. 21 cm |
| Published: |
Bratislava
Slovenské pedagogické nakladateľstvo
1987
|
| Edition: | 2. vyd. |
| Subjects: |
MARC
| LEADER | 00000cam a2200000 a 4500 | ||
|---|---|---|---|
| 001 | vtls008164398 | ||
| 003 | SK-MaSNL | ||
| 005 | 20260302074033.0 | ||
| 008 | 240314s1987 xo a c 000 0 slo | ||
| 020 | |q (brož.) | ||
| 035 | |a SPKKN852 | ||
| 040 | |a SNK |b slo |c SNK |e AACR2 | ||
| 041 | 1 | |a slo |a fre |h cze | |
| 044 | |a xo |c SK | ||
| 072 | 7 | |a 811.133.1 |x Francúzština |2 konspekt | |
| 080 | |a 811.133.1 |2 2001 | ||
| 080 | |a (075.2) |2 2001 | ||
| 100 | 1 | |a Tionová, Alena, |d 1922- |4 aut |9 200730 | |
| 245 | 1 | 0 | |a Francúzština 1 |b pre 3. alebo 5. ročník tried s rozšíreným vyučovaním jazykov na základných školách |c Alena Tionová, Jarmila Procházková, Anna Létalová ; [preložila Rút Jónová ; ilustroval Miroslav Barták] |
| 250 | |a 2. vyd. | ||
| 260 | |a Bratislava |b Slovenské pedagogické nakladateľstvo |c 1987 | ||
| 300 | |a 263 s. |b ilustr., tab. |c 21 cm | ||
| 650 | 0 | 7 | |a francúzština |2 SNKPH |9 1355 |
| 655 | 7 | |a učebnice základných škôl |2 SNKPH |9 70187 | |
| 700 | 1 | |a Skalková, Jarmila, |d 1924-2009 |4 aut |9 98466 | |
| 700 | 1 | |a Létalová, Anna |4 aut |9 60798 | |
| 700 | 1 | |a Barták, Miroslav |4 ill |9 18373 | |
| 700 | 1 | |a Jónová, Rút |4 trl |9 8325 | |
| 958 | |a OND | ||
| 999 | |c 1163369 |d 1165299 | ||
| 952 | |a SNK |b SNK |y PREZ |7 0 |p 17A0630326 |o snkSD 78478 |i snk2009/3507 |8 1 |0 0 |1 0 |4 0 |d 2009-08-28 |l 0 |r 2025-11-26 00:00:00 |w 2026-02-24 | ||


